| 000 | 00375nam a2200145 a 4500 | ||
|---|---|---|---|
| 001 | 2216 | ||
| 003 | CDMR | ||
| 005 | 20130116135226.0 | ||
| 008 | 130130s1951||||||||||||||||||||||||||||d | ||
| 040 |
_aCDMR _bcat _cCPC GIRONA |
||
| 100 | 1 |
_aLuca De Tena, Torcuato _91645 |
|
| 245 | 1 | 3 |
_aLa prensa ante las masas _cLuca de Tena, Torcuato |
| 260 |
_c1951 _bO crece o muere |
||
| 942 | _cMON | ||
| 999 |
_c2216 _d2216 |
||